<?xml version="1.0" encoding="UTF-8"?>
<collection xmlns="http://www.loc.gov/MARC21/slim">
 <record>
  <leader>02825aam a22003378a 4500</leader>
  <controlfield tag="001">NCT_14242</controlfield>
  <controlfield tag="008">110709s2011                  ||||||viesd</controlfield>
  <datafield tag="999" ind1=" " ind2=" ">
   <subfield code="c">681</subfield>
   <subfield code="d">681</subfield>
  </datafield>
  <datafield tag="020" ind1=" " ind2=" ">
   <subfield code="c">37000</subfield>
  </datafield>
  <datafield tag="082" ind1="0" ind2="4">
   <subfield code="2">23rd ed.</subfield>
   <subfield code="a">519.076</subfield>
   <subfield code="b">Đ455</subfield>
  </datafield>
  <datafield tag="100" ind1="1" ind2=" ">
   <subfield code="a">Lê Sĩ Đồng</subfield>
  </datafield>
  <datafield tag="245" ind1="1" ind2="0">
   <subfield code="a">Bài tập xác suất - thống kê ứng dụng</subfield>
   <subfield code="c">Lê Sĩ Đồng</subfield>
  </datafield>
  <datafield tag="250" ind1=" " ind2=" ">
   <subfield code="a">Tái bản lần thư 2</subfield>
  </datafield>
  <datafield tag="260" ind1=" " ind2=" ">
   <subfield code="a">H.</subfield>
   <subfield code="b">Giáo dục</subfield>
   <subfield code="c">2011</subfield>
  </datafield>
  <datafield tag="300" ind1=" " ind2=" ">
   <subfield code="a">253tr.</subfield>
   <subfield code="b">hình vẽ, bảng</subfield>
   <subfield code="c">21cm</subfield>
  </datafield>
  <datafield tag="520" ind1="3" ind2=" ">
   <subfield code="a">Tóm tắt lí thuyết và bài tập giải về xác suất của một biến cố, biến ngẫu nhiên, các phân phối xác suất thông dụng, biến ngẫu nhiên nhiều chiều, ước lượng tham số, kiểm định giả thuyết, hồi qui tương quan</subfield>
  </datafield>
  <datafield tag="653" ind1=" " ind2=" ">
   <subfield code="a">Khoa học cơ bản</subfield>
  </datafield>
  <datafield tag="655" ind1=" " ind2="7">
   <subfield code="a">Giáo trình</subfield>
  </datafield>
  <datafield tag="942" ind1=" " ind2=" ">
   <subfield code="2">ddc</subfield>
   <subfield code="c">BK</subfield>
  </datafield>
  <datafield tag="952" ind1=" " ind2=" ">
   <subfield code="0">0</subfield>
   <subfield code="1">0</subfield>
   <subfield code="2">ddc</subfield>
   <subfield code="4">0</subfield>
   <subfield code="6">519_076000000000000_Đ455</subfield>
   <subfield code="7">0</subfield>
   <subfield code="9">5025</subfield>
   <subfield code="a">000001</subfield>
   <subfield code="b">000001</subfield>
   <subfield code="d">2017-12-01</subfield>
   <subfield code="l">2</subfield>
   <subfield code="o">519.076 Đ455</subfield>
   <subfield code="p">MD.03666</subfield>
   <subfield code="r">2019-11-06</subfield>
   <subfield code="s">2019-10-24</subfield>
   <subfield code="v">37000.00</subfield>
   <subfield code="w">2017-12-01</subfield>
   <subfield code="y">BK</subfield>
  </datafield>
  <datafield tag="952" ind1=" " ind2=" ">
   <subfield code="0">0</subfield>
   <subfield code="1">0</subfield>
   <subfield code="2">ddc</subfield>
   <subfield code="4">0</subfield>
   <subfield code="6">519_076000000000000_Đ455</subfield>
   <subfield code="7">0</subfield>
   <subfield code="9">5026</subfield>
   <subfield code="a">000001</subfield>
   <subfield code="b">000001</subfield>
   <subfield code="d">2017-12-01</subfield>
   <subfield code="l">3</subfield>
   <subfield code="o">519.076 Đ455</subfield>
   <subfield code="p">MD.03667</subfield>
   <subfield code="r">2021-03-23</subfield>
   <subfield code="s">2021-03-10</subfield>
   <subfield code="v">37000.00</subfield>
   <subfield code="w">2017-12-01</subfield>
   <subfield code="y">BK</subfield>
  </datafield>
  <datafield tag="952" ind1=" " ind2=" ">
   <subfield code="0">0</subfield>
   <subfield code="1">0</subfield>
   <subfield code="2">ddc</subfield>
   <subfield code="4">0</subfield>
   <subfield code="6">519_076000000000000_Đ455</subfield>
   <subfield code="7">0</subfield>
   <subfield code="9">5027</subfield>
   <subfield code="a">000001</subfield>
   <subfield code="b">000001</subfield>
   <subfield code="d">2017-12-01</subfield>
   <subfield code="l">1</subfield>
   <subfield code="o">519.076 Đ455</subfield>
   <subfield code="p">MD.03668</subfield>
   <subfield code="r">2020-07-28</subfield>
   <subfield code="s">2020-07-21</subfield>
   <subfield code="v">37000.00</subfield>
   <subfield code="w">2017-12-01</subfield>
   <subfield code="y">BK</subfield>
  </datafield>
  <datafield tag="952" ind1=" " ind2=" ">
   <subfield code="0">0</subfield>
   <subfield code="1">0</subfield>
   <subfield code="2">ddc</subfield>
   <subfield code="4">0</subfield>
   <subfield code="6">519_076000000000000_Đ455</subfield>
   <subfield code="7">0</subfield>
   <subfield code="9">5028</subfield>
   <subfield code="a">000001</subfield>
   <subfield code="b">000001</subfield>
   <subfield code="d">2017-12-01</subfield>
   <subfield code="l">3</subfield>
   <subfield code="o">519.076 Đ455</subfield>
   <subfield code="p">MD.03669</subfield>
   <subfield code="r">2021-04-20</subfield>
   <subfield code="s">2021-04-06</subfield>
   <subfield code="v">37000.00</subfield>
   <subfield code="w">2017-12-01</subfield>
   <subfield code="y">BK</subfield>
  </datafield>
  <datafield tag="952" ind1=" " ind2=" ">
   <subfield code="0">0</subfield>
   <subfield code="1">0</subfield>
   <subfield code="2">ddc</subfield>
   <subfield code="4">0</subfield>
   <subfield code="6">519_076000000000000_Đ455</subfield>
   <subfield code="7">0</subfield>
   <subfield code="9">5029</subfield>
   <subfield code="a">000001</subfield>
   <subfield code="b">000001</subfield>
   <subfield code="d">2017-12-01</subfield>
   <subfield code="l">4</subfield>
   <subfield code="o">519.076 Đ455</subfield>
   <subfield code="p">MD.03670</subfield>
   <subfield code="r">2020-11-13</subfield>
   <subfield code="s">2019-05-09</subfield>
   <subfield code="v">37000.00</subfield>
   <subfield code="w">2017-12-01</subfield>
   <subfield code="y">BK</subfield>
  </datafield>
  <datafield tag="952" ind1=" " ind2=" ">
   <subfield code="0">0</subfield>
   <subfield code="1">0</subfield>
   <subfield code="2">ddc</subfield>
   <subfield code="4">0</subfield>
   <subfield code="6">519_076000000000000_Đ455</subfield>
   <subfield code="7">0</subfield>
   <subfield code="9">5030</subfield>
   <subfield code="a">000001</subfield>
   <subfield code="b">000001</subfield>
   <subfield code="d">2017-12-01</subfield>
   <subfield code="l">1</subfield>
   <subfield code="o">519.076 Đ455</subfield>
   <subfield code="p">MD.03671</subfield>
   <subfield code="r">2018-03-06</subfield>
   <subfield code="s">2018-02-28</subfield>
   <subfield code="v">37000.00</subfield>
   <subfield code="w">2017-12-01</subfield>
   <subfield code="y">BK</subfield>
  </datafield>
  <datafield tag="952" ind1=" " ind2=" ">
   <subfield code="0">0</subfield>
   <subfield code="1">0</subfield>
   <subfield code="2">ddc</subfield>
   <subfield code="4">0</subfield>
   <subfield code="6">519_076000000000000_Đ455</subfield>
   <subfield code="7">0</subfield>
   <subfield code="9">5031</subfield>
   <subfield code="a">000001</subfield>
   <subfield code="b">000001</subfield>
   <subfield code="d">2017-12-01</subfield>
   <subfield code="o">519.076 Đ455</subfield>
   <subfield code="p">MD.03672</subfield>
   <subfield code="r">2017-12-01</subfield>
   <subfield code="v">37000.00</subfield>
   <subfield code="w">2017-12-01</subfield>
   <subfield code="y">BK</subfield>
  </datafield>
  <datafield tag="952" ind1=" " ind2=" ">
   <subfield code="0">0</subfield>
   <subfield code="1">0</subfield>
   <subfield code="2">ddc</subfield>
   <subfield code="4">0</subfield>
   <subfield code="6">519_076000000000000_Đ455</subfield>
   <subfield code="7">0</subfield>
   <subfield code="9">5032</subfield>
   <subfield code="a">000001</subfield>
   <subfield code="b">000001</subfield>
   <subfield code="d">2017-12-01</subfield>
   <subfield code="l">1</subfield>
   <subfield code="o">519.076 Đ455</subfield>
   <subfield code="p">MD.03673</subfield>
   <subfield code="q">2018-03-16</subfield>
   <subfield code="r">2018-03-02</subfield>
   <subfield code="s">2018-03-02</subfield>
   <subfield code="v">37000.00</subfield>
   <subfield code="w">2017-12-01</subfield>
   <subfield code="y">BK</subfield>
  </datafield>
  <datafield tag="952" ind1=" " ind2=" ">
   <subfield code="0">0</subfield>
   <subfield code="1">0</subfield>
   <subfield code="2">ddc</subfield>
   <subfield code="4">0</subfield>
   <subfield code="6">519_076000000000000_Đ455</subfield>
   <subfield code="7">0</subfield>
   <subfield code="9">5033</subfield>
   <subfield code="a">000001</subfield>
   <subfield code="b">000001</subfield>
   <subfield code="d">2017-12-01</subfield>
   <subfield code="o">519.076 Đ455</subfield>
   <subfield code="p">MD.03676</subfield>
   <subfield code="r">2017-12-30</subfield>
   <subfield code="v">37000.00</subfield>
   <subfield code="w">2017-12-01</subfield>
   <subfield code="y">BK</subfield>
  </datafield>
  <datafield tag="952" ind1=" " ind2=" ">
   <subfield code="0">0</subfield>
   <subfield code="1">0</subfield>
   <subfield code="2">ddc</subfield>
   <subfield code="4">0</subfield>
   <subfield code="6">519_076000000000000_Đ455</subfield>
   <subfield code="7">0</subfield>
   <subfield code="9">5034</subfield>
   <subfield code="a">000001</subfield>
   <subfield code="b">000001</subfield>
   <subfield code="d">2017-12-01</subfield>
   <subfield code="o">519.076 Đ455</subfield>
   <subfield code="p">MD.03675</subfield>
   <subfield code="r">2017-12-01</subfield>
   <subfield code="v">37000.00</subfield>
   <subfield code="w">2017-12-01</subfield>
   <subfield code="y">BK</subfield>
  </datafield>
  <datafield tag="952" ind1=" " ind2=" ">
   <subfield code="0">0</subfield>
   <subfield code="1">0</subfield>
   <subfield code="2">ddc</subfield>
   <subfield code="4">0</subfield>
   <subfield code="6">519_076000000000000_Đ455</subfield>
   <subfield code="7">0</subfield>
   <subfield code="9">20882</subfield>
   <subfield code="a">000001</subfield>
   <subfield code="b">000001</subfield>
   <subfield code="d">2020-12-04</subfield>
   <subfield code="l">1</subfield>
   <subfield code="m">1</subfield>
   <subfield code="o">519.076 Đ455</subfield>
   <subfield code="p">MD.03776</subfield>
   <subfield code="r">2020-12-21</subfield>
   <subfield code="s">2020-12-04</subfield>
   <subfield code="v">37000.00</subfield>
   <subfield code="w">2020-12-04</subfield>
   <subfield code="y">BK</subfield>
  </datafield>
  <datafield tag="980" ind1=" " ind2=" ">
   <subfield code="a">Thư viện Trường Đại học Nam Cần Thơ</subfield>
  </datafield>
 </record>
</collection>
